| 000 | 00796cam a2200229 4500 | ||
|---|---|---|---|
| 001 | WB3815-03 | ||
| 008 | 020423n2002 000 0 eng u | ||
| 035 | _a(Sirsi) u117640 | ||
| 245 | _aTender prices fall | ||
| 260 | _c2002 | ||
| 490 |
_aBCIS Press Release _v(pr048) 23 April 2002 (3) |
||
| 520 | _aThe latest BCIS tender price index - forecast to 1Q 2004 - shows that the price of new construction work fell between 3Q 2001 and 4Q 2001. Tender prices fell by 6.1% in 4Q 2001 compared to the previous quarter. | ||
| 590 | _aWB | ||
| 650 | _aBCIS | ||
| 650 | _aBCIS ALL-IN TENDER PRICE INDEX | ||
| 650 | _aCONSTRUCTION WORK | ||
| 650 | _aCONSTRUCTION INDUSTRY | ||
| 650 | _aTENDER PRICES | ||
| 650 | _aCOST INFORMATION | ||
| 690 | _aBUILT ENVIRONMENT-BUILDING COSTS | ||
| 942 | _n0 | ||
| 999 |
_c70045 _d70045 |
||